UEFA Champions League Finalisten - Sudden Death - Statistiken

Allgemein
  • Dieses Quiz wurde 1.218 mal gespielt
  • Das Durchschnittsergebnis liegt bei 12 aus 25
Answers on the Grid
Answers color-coded by a green-red scale on the quiz's grid according to % correct below.
Real Madrid
AC Mailand
FC Bayern München
FC Liverpool
FC Barcelona
Ajax Amsterdam
Juventus Turin
Manchester United
FC Chelsea
Benfica Lissabon
Nottingham Forest
FC Porto
Celtic Glasgow
Hamburger SV
Steaua Bukarest
Aston Villa
PSV Eindhoven
Atlético Madrid
Stade Reims
Panathinaikos Athen
Borussia Mönchengladbach
Malmö FF
AS Rom
Sampdoria Genua
Tottenham Hotspur
Hertha BSC
1. FC Kaiserslautern
FC Schalke 04
RB Leipzig
VfB Stuttgart
FC Sevilla
Deportivo La Coruña
FC Villarreal
Athletic Bilbao
OSC Lille
Girondins Bordeaux
AJ Auxerre
Newcastle United
Blackburn Rovers
SSC Neapel
Lazio Rom
Atalanta Bergamo
AZ Alkmaar
Spartak Moskau
ZSKA Moskau
RSC Anderlecht
Galatasaray Istanbul
BSC Young Boys
IFK Göteborg
Olympiakos Piräus
Glasgow RangersRangers
 
Antwortstatistiken
Antwort % Korrekt
Real Madrid
73%
FC Bayern München
72%
FC Liverpool
72%
FC Barcelona
70%
Juventus Turin
69%
Manchester United
68%
AC Mailand
67%
Atlético Madrid
67%
FC Chelsea
67%
Ajax Amsterdam
62%
Hamburger SV
61%
FC Porto
57%
Nottingham Forest
52%
Benfica Lissabon
49%
Tottenham Hotspur
48%
Aston Villa
42%
PSV Eindhoven
42%
Celtic Glasgow
41%
Steaua Bukarest
35%
Borussia Mönchengladbach
22%
AS Rom
15%
Malmö FF
7%
Stade Reims
7%
Sampdoria Genua
6%
Panathinaikos Athen
5%
Keine übereinstimmenden Quizze gefunden
Verteilung der Resultate
Anzahl Personen mit jedem Resultat
Perzentil nach korrekt beantworteten Fragen
Ihre Resultats-Entwicklung
Sie haben dieses Quiz noch nicht gespielt